000 00326nam a2200145Ia 4500
005 20251222153615.0
008 251222s9999||||xx |||||||||||||| ||spa||
020 _a8470800396
082 _a616/V49
100 _aDr. Verger, Guillem
245 0 _aLa Gripe
250 _a1ra. ed.
264 _bLa Gaya Ciencia
942 _cLIB
999 _c31748
_d31748